000 00411cam a22001577a 4500
005 20250901165807.0
008 050531s2004 ke 000 | swa
010 _a 2005328427
020 _z9966497476
050 0 0 _aPL 8704 .B87 2004
100 1 _aBurhani, Z.
245 1 0 _aKipimo cha mizani /
_cZ. Burhani.
260 _aNairobi :
_bLonghorn Publishers,
_cc2004.
300 _a233 p. ;
_c18 cm.
942 _2lcc
999 _c9325
_d9325